000 00691nam a22002177a 4500
999 _c10023
_d10023
001 10023
003 BD-JhCC
005 20180404125758.0
008 180404b1974 bg ||||| |||| 00| 0 ben d
035 _a(BD-JhCC)10023
040 _aBD-JhCC
_dBD-JhCC
041 _aben
082 _a340.00
_bKAB 1974
100 _aকবির, অধ্যাপক মো: শাজাহান
245 _aবৈদেশিক শাসনতন্ত্র /
_cঅধ্যাপক মো: শাজাহান কবির
260 _aঢাকা :
_bবুক সোসাইটি
_c1974.
300 _a168 p. :
_c21 cm.
650 _aConstitution
942 _2ddc
_cBK